000 00931nam a2200217Ia 4500
003 GCL
008 140319s9999 xx 000 0 ara d
040 _aGCL /
_cGCL
082 0 4 _aط
_b398.245
_bع ح
100 1 _aفريدة عويس (رسوم)
245 1 0 _aحكايات من عالم الحيوان :الاسد الطيب - تعاليبو الشرير - القط المحظوظ - الحصان الاسود - مقالب تعلوب - الدب الكسلان - العصفور المغرد - الغراب والحمامة - الكتكوت الصغير /
_cفريدة عويس (رسوم)
700 1 _aعفاف عبدالبارى
260 _aبيروت :
_bدار الجيل
300 _aمتعدد ؛
_c25 سم
490 _aحكايات من عالم الحيوان
_v0
650 0 4 _aالاطفال
650 0 4 _aالادب الشعبى
650 0 4 _aالقصص
650 0 4 _aقصص الاطفال
942 _2ddc
_cBK
999 _c57603
_d57603